| 000 | 00652nam a2200241Ia 4500 | ||
|---|---|---|---|
| 005 | 20260429111902.0 | ||
| 008 | 260429s9999||||xx |||||||||||||| ||und|| | ||
| 020 | _a9788119684557 | ||
| 041 | _aEnglish | ||
| 082 |
_a181.4 _bGUP |
||
| 100 | _aGupta, Meenakshi | ||
| 245 | 0 |
_aIndian knowledge system / _cMeenakshi Gupta |
|
| 260 |
_aJaipur : _bBook Enclave, _c2024. |
||
| 300 | _ax, 262 p.; hb | ||
| 650 | _a History of knowledge | ||
| 650 | _a Indian culture | ||
| 650 | _a Indigenous knowledge | ||
| 650 | _a Traditional knowledge | ||
| 650 | _aIndian knowledge systems | ||
| 700 | _a Gupta, Shilpy | ||
| 700 | _a Shivani | ||
| 942 | _cTB | ||
| 999 |
_c51271 _d51271 |
||